[Event "SVK ECo-C Extraliga 2021-22"]
[Site "Slovakia"]
[Date "2022.06.12"]
[Round "11"]
[White "Kostolansky, Sebastian Lukas"]
[Black "Zilka, Stepan"]
[Result "1/2-1/2"]
[WhiteElo "2393"]
[BlackElo "2609"]
[Annotator "TA"]
[PlyCount "49"]
[EventDate "2021.10.21"]
[EventType "team-tourn"]
[EventCountry "SVK"]
[SourceTitle "playchess.com"]
[Source "ChessBase"]
[SourceQuality "1"]

1. e4 c5 2. Nf3 d6 3. Bb5+ Bd7 4. Bxd7+ Qxd7 5. O-O Nf6 6. Re1 Nc6 7. c3 e6 8. d4 cxd4 9. cxd4 d5 10. e5 Ne4 11. Nbd2 Nxd2 12. Bxd2 Be7 13. Rc1 O-O 14. Rc3 h6 15. Rd3 f5 16. exf6 Rxf6 17. g3 Raf8 18. a3 Qe8 19. b4 Qh5 20. b5 Nb8 21. Ne5 Qe8 22. Ng4 Rg6 23. Ne5 Rgf6 24. Ng4 Rg6 25. Ne5 1/2-1/2

[Event "SVK ECo-C Extraliga 2021-22"]
[Site "Slovakia"]
[Date "2022.06.12"]
[Round "11"]
[White "Jacko, Vladimir"]
[Black "Petran, Peter"]
[Result "1/2-1/2"]
[WhiteElo "2379"]
[BlackElo "2225"]
[Annotator "TA"]
[PlyCount "22"]
[EventDate "2021.10.21"]
[EventType "team-tourn"]
[EventCountry "SVK"]
[SourceTitle "playchess.com"]
[Source "ChessBase"]
[SourceQuality "1"]

1. c4 c5 2. Nf3 Nc6 3. Nc3 g6 4. a3 Bg7 5. Rb1 a5 6. g3 d6 7. Bg2 e5 8. O-O Nge7 9. Ne1 Bf5 10. d3 Qd7 11. Nc2 Bh3 1/2-1/2

[Event "SVK ECo-C Extraliga 2021-22"]
[Site "Slovakia"]
[Date "2022.06.12"]
[Round "11"]
[White "Manik, Mikulas"]
[Black "Mikes, Jan"]
[Result "0-1"]
[WhiteElo "2368"]
[BlackElo "2349"]
[Annotator "TA"]
[PlyCount "138"]
[EventDate "2021.10.21"]
[EventType "team-tourn"]
[EventCountry "SVK"]
[SourceTitle "playchess.com"]
[Source "ChessBase"]
[SourceQuality "1"]

1. e4 c5 2. Nf3 d6 3. d4 cxd4 4. Nxd4 Nf6 5. Nc3 Nc6 6. Bg5 e6 7. Qd2 a6 8. O-O-O Bd7 9. f3 Nxd4 10. Qxd4 Be7 11. h4 h6 12. Be3 h5 13. Kb1 b5 14. Qd2 b4 15. Ne2 a5 16. Bg5 Rb8 17. Bf4 e5 18. Bg5 Be6 19. Ng3 g6 20. f4 exf4 21. Bxf4 Rb6 22. Be3 Rb8 23. Bf4 a4 24. Bxd6 Bxd6 25. Qxd6 Qxd6 26. Rxd6 b3 27. axb3 axb3 28. c3 Ke7 29. Ra6 Rhd8 30. Be2 Rd2 31. Bf3 Rbd8 32. Ra4 R8d3 33. Rc1 Ng4 34. Rd4 Ne5 35. Be2 Rxd4 36. cxd4 Rxd4 37. Rc7+ Kd6 38. Rc3 Nc6 39. Kc1 Nb4 40. Kb1 Rd2 41. Kc1 Rc2+ 42. Rxc2 bxc2 43. Kd2 Kc5 44. Bf1 Bb3 45. e5 Bd5 46. Ne2 Bc4 47. g3 Nd5 48. Kxc2 Ne3+ 49. Kc3 Nxf1 50. b4+ Kd5 51. Nf4+ Kxe5 52. Kxc4 Nxg3 53. b5 Kd6 54. Nd3 Nf5 55. b6 Kc6 56. Ne5+ Kxb6 57. Nxf7 Nxh4 58. Kd5 Kc7 59. Ke6 Kc6 60. Kf6 Kd5 61. Nh6 Ke4 62. Kg5 Nf3+ 63. Kxg6 h4 64. Kh5 Kf4 65. Ng4 h3 66. Nf2 h2 67. Nh1 Ng1 68. Kh4 Kf3 69. Ng3 Kg2 0-1

[Event "SVK ECo-C Extraliga 2021-22"]
[Site "Slovakia"]
[Date "2022.06.12"]
[Round "11"]
[White "Krak, Tomas"]
[Black "Spacek, Oliver"]
[Result "1/2-1/2"]
[WhiteElo "2332"]
[BlackElo "2207"]
[Annotator "TA"]
[PlyCount "40"]
[EventDate "2021.10.21"]
[EventType "team-tourn"]
[EventCountry "SVK"]
[SourceTitle "playchess.com"]
[Source "ChessBase"]
[SourceQuality "1"]

1. e4 c5 2. Nf3 a6 3. Nc3 b5 4. d4 cxd4 5. Nxd4 e6 6. g3 Bb7 7. Bg2 Ne7 8. O-O Nbc6 9. Re1 Nxd4 10. Qxd4 Nc6 11. Qd3 d6 12. Bf4 g5 13. Be3 g4 14. Bf4 Ne5 15. Qe2 h5 16. Rad1 Qb6 17. a4 b4 18. Na2 Bc6 19. b3 Be7 20. Nc1 Qb7 1/2-1/2

[Event "SVK ECo-C Extraliga 2021-22"]
[Site "Slovakia"]
[Date "2022.06.12"]
[Round "11"]
[White "Zetocha Adrian"]
[Black "Kusiak, Matej"]
[Result "1-0"]
[WhiteElo "2290"]
[BlackElo "2255"]
[Annotator "TA"]
[PlyCount "55"]
[EventDate "2021.10.21"]
[EventType "team-tourn"]
[EventCountry "SVK"]
[SourceTitle "playchess.com"]
[Source "ChessBase"]
[SourceQuality "1"]

1. d4 e6 2. e4 d5 3. Nd2 Nc6 4. Ngf3 Nf6 5. e5 Nd7 6. Be2 f6 7. exf6 Qxf6 8. Nb3 Bd6 9. Bg5 Qf7 10. O-O e5 11. dxe5 Ndxe5 12. Nxe5 Nxe5 13. f4 Nc6 14. Bh5 g6 15. Re1+ Ne7 16. Bf3 c6 17. c4 Bb4 18. cxd5 Bxe1 19. Qxe1 h6 20. Bxe7 Qxe7 21. dxc6 Rb8 22. Na5 Qxe1+ 23. Rxe1+ Kd8 24. cxb7 Bd7 25. Nb3 Rh7 26. Nc5 Bb5 27. a4 Bc4 28. Re4 1-0

[Event "SVK ECo-C Extraliga 2021-22"]
[Site "Slovakia"]
[Date "2022.06.12"]
[Round "11"]
[White "Zetocha, Claudiu"]
[Black "Nguyen, Piotr"]
[Result "1/2-1/2"]
[WhiteElo "2288"]
[BlackElo "2402"]
[Annotator "TA"]
[PlyCount "28"]
[EventDate "2021.10.21"]
[EventType "team-tourn"]
[EventCountry "SVK"]
[SourceTitle "playchess.com"]
[Source "ChessBase"]
[SourceQuality "1"]

1. e4 c5 2. c3 d5 3. exd5 Qxd5 4. d4 g6 5. Nf3 Bg7 6. Nbd2 cxd4 7. Bc4 Qc5 8. Nxd4 Nf6 9. O-O O-O 10. Qe2 e5 11. N2b3 Qe7 12. Re1 Nbd7 13. Nf3 e4 14. Ng5 Ne5 1/2-1/2

[Event "SVK ECo-C Extraliga 2021-22"]
[Site "Slovakia"]
[Date "2022.06.12"]
[Round "11"]
[White "Dovzik, Juri"]
[Black "Kozak, Adam"]
[Result "0-1"]
[WhiteElo "2277"]
[BlackElo "2532"]
[Annotator "TA"]
[PlyCount "108"]
[EventDate "2021.10.21"]
[EventType "team-tourn"]
[EventCountry "SVK"]
[SourceTitle "playchess.com"]
[Source "ChessBase"]
[SourceQuality "1"]

1. c4 b6 2. Nc3 Bb7 3. e4 e6 4. Nf3 Nf6 5. e5 Ne4 6. Nxe4 Bxe4 7. Be2 d6 8. exd6 cxd6 9. O-O Be7 10. d3 Bb7 11. b3 Bf6 12. Rb1 O-O 13. Ba3 Qc7 14. Nd2 Rd8 15. Ne4 Be7 16. Rc1 Nc6 17. Nc3 Nd4 18. Re1 Bg5 19. Rb1 d5 20. Bf1 Rac8 21. Bc1 Bf6 22. Bd2 dxc4 23. bxc4 Be5 24. Qh5 Bf4 25. Nb5 Qb8 26. Bxf4 Qxf4 27. Qe5 Qxe5 28. Rxe5 Nxb5 29. Rexb5 Bc6 30. R5b4 Be8 31. a4 Rc5 32. Ra1 Ra5 33. f3 e5 34. Kf2 Bc6 35. Ke3 g5 36. h3 h5 37. Be2 h4 38. Bd1 Kf8 39. Bc2 Ke7 40. Rbb1 Kd6 41. Kd2 Ke6 42. Rg1 Rd4 43. Kc3 Kf5 44. Rge1 Kf4 45. Bb3 f6 46. Ra2 Bd7 47. Ree2 Bf5 48. Bc2 Rc5 49. Ra1 Rc8 50. Rb1 Rcd8 51. Rd2 Be6 52. Re2 R8d7 53. Rbe1 Rc7 54. Rd2 Bxc4 0-1

[Event "SVK ECo-C Extraliga 2021-22"]
[Site "Slovakia"]
[Date "2022.06.12"]
[Round "11"]
[White "Bochnicka Vladimir ml."]
[Black "Pandula, Blazej"]
[Result "1-0"]
[WhiteElo "2262"]
[BlackElo "1590"]
[Annotator "TA"]
[PlyCount "95"]
[EventDate "2021.10.21"]
[EventType "team-tourn"]
[EventCountry "SVK"]
[SourceTitle "playchess.com"]
[Source "ChessBase"]
[SourceQuality "1"]

1. e4 c5 2. Nf3 Nc6 3. d4 cxd4 4. Nxd4 Nf6 5. Nc3 e6 6. Be2 Be7 7. O-O O-O 8. Be3 a6 9. f4 d6 10. Kh1 Kh8 11. Qe1 Ne8 12. Rd1 Bh4 13. g3 Bf6 14. e5 Be7 15. Qf2 Qc7 16. Bf3 Bd7 17. Nb3 dxe5 18. Bb6 Qc8 19. Nc5 Nf6 20. N3e4 Nd5 21. Nxd7 Qxd7 22. c4 exf4 23. cxd5 exd5 24. Nc5 Bxc5 25. Bxc5 fxg3 26. Qxg3 Rg8 27. Rxd5 Qe6 28. Re1 Qf6 29. Rh5 Rae8 30. Rg1 h6 31. Qh3 Re5 32. Rxe5 Qxe5 33. Qh5 Qxh5 34. Bxh5 g6 35. Bf3 Rd8 36. Rd1 Rxd1+ 37. Bxd1 Kg7 38. Kg2 g5 39. Bc2 Kf6 40. Kf3 h5 41. Ke4 Kg6 42. Kd5+ f5 43. Ke6 Nd8+ 44. Kd7 Nc6 45. Kc7 Na5 46. b4 Nc4 47. Kxb7 g4 48. Be7 1-0

[Event "SVK ECo-C Extraliga 2021-22"]
[Site "Slovakia"]
[Date "2022.06.12"]
[Round "11"]
[White "Rohacek, Miroslav"]
[Black "Mrva, Martin"]
[Result "0-1"]
[WhiteElo "2188"]
[BlackElo "2384"]
[Annotator "TA"]
[PlyCount "58"]
[EventDate "2021.10.21"]
[EventType "team-tourn"]
[EventCountry "SVK"]
[SourceTitle "playchess.com"]
[Source "ChessBase"]
[SourceQuality "1"]

1. e4 d6 2. d4 Nd7 3. Nf3 a6 4. Bc4 e6 5. a4 c5 6. O-O Be7 7. Nc3 Qc7 8. dxc5 Qxc5 9. Qe2 Ngf6 10. a5 O-O 11. Be3 Qc7 12. Rfd1 Ng4 13. Bd4 Nge5 14. Nxe5 dxe5 15. Be3 Bb4 16. Bd2 Bxa5 17. Ra3 Bb6 18. Ba2 Nf6 19. Bg5 Rd8 20. Bxf6 gxf6 21. Na4 Rxd1+ 22. Qxd1 Bd4 23. Rg3+ Kf8 24. c3 Ba7 25. Qh5 Bd7 26. Qxh7 Ke7 27. b3 Qd6 28. h4 Qd1+ 29. Kh2 Bxf2 0-1

[Event "SVK ECo-C Extraliga 2021-22"]
[Site "Slovakia"]
[Date "2022.06.12"]
[Round "11"]
[White "Kravec, Patrik"]
[Black "Bury, Rastislav"]
[Result "1/2-1/2"]
[WhiteElo "2152"]
[BlackElo "2118"]
[Annotator "TA"]
[PlyCount "46"]
[EventDate "2021.10.21"]
[EventType "team-tourn"]
[EventCountry "SVK"]
[SourceTitle "playchess.com"]
[Source "ChessBase"]
[SourceQuality "1"]

1. e4 c5 2. Nf3 d6 3. d4 cxd4 4. Nxd4 Nf6 5. Nc3 a6 6. Be2 e5 7. Nb3 Be7 8. O-O O-O 9. Be3 Bd7 10. f3 Bc6 11. Nd5 Nxd5 12. exd5 Bd7 13. c4 Bg5 14. f4 exf4 15. Bxf4 Bxf4 16. Rxf4 Ba4 17. Bg4 Bxb3 18. Qxb3 Nd7 19. Bxd7 Qxd7 20. Qb6 Rae8 21. Rf2 Re5 22. Raf1 f6 23. b3 Rfe8 1/2-1/2

[Event "SVK ECo-C Extraliga 2021-22"]
[Site "Slovakia"]
[Date "2022.06.12"]
[Round "11"]
[White "Varga, Lukas"]
[Black "Nagy, Gabor"]
[Result "0-1"]
[WhiteElo "2136"]
[BlackElo "2503"]
[Annotator "TA"]
[PlyCount "72"]
[EventDate "2021.10.21"]
[EventType "team-tourn"]
[EventCountry "SVK"]
[SourceTitle "playchess.com"]
[Source "ChessBase"]
[SourceQuality "1"]

1. e4 c5 2. Nf3 e6 3. d4 cxd4 4. Nxd4 Nc6 5. Nc3 Qc7 6. f4 a6 7. Be3 b5 8. Be2 Bb7 9. O-O Rc8 10. Nxc6 Bxc6 11. a3 d6 12. f5 exf5 13. exf5 Nf6 14. Bf3 Be7 15. Nd5 Bxd5 16. Bxd5 O-O 17. Bb3 d5 18. Bd4 Bc5 19. c3 Rfe8 20. Qd3 Bxd4+ 21. Qxd4 Re4 22. Qd2 Rce8 23. Rae1 Ng4 24. g3 Ne3 25. Rf2 Qc5 26. Kh1 h5 27. Rfe2 R8e5 28. f6 gxf6 29. Qc1 Ng4 30. Qd2 Kg7 31. h3 Ne3 32. Ba2 Nf1 33. Qd3 Rxe2 34. Rxf1 Rf2 35. Bb1 Rxf1+ 36. Qxf1 Qe3 0-1

[Event "SVK ECo-C Extraliga 2021-22"]
[Site "Slovakia"]
[Date "2022.06.12"]
[Round "11"]
[White "Ocko, Martin"]
[Black "Kardis, Benjamin"]
[Result "1/2-1/2"]
[WhiteElo "2063"]
[BlackElo "2005"]
[Annotator "TA"]
[PlyCount "71"]
[EventDate "2021.10.21"]
[EventType "team-tourn"]
[EventCountry "SVK"]
[SourceTitle "playchess.com"]
[Source "ChessBase"]
[SourceQuality "1"]

1. d4 f5 2. g3 Nf6 3. Bg2 d5 4. Nf3 e6 5. O-O Bd6 6. e3 O-O 7. b3 Qe7 8. Bb2 Bd7 9. c4 c6 10. Nbd2 Be8 11. Ne5 Nbd7 12. f4 Bh5 13. Qe1 Ne4 14. Nxe4 fxe4 15. Nxd7 Qxd7 16. h3 Qe7 17. g4 Be8 18. g5 Bh5 19. c5 Bc7 20. Qg3 Rab8 21. Rac1 Qf7 22. Rc2 Qf5 23. h4 Bg4 24. Kh2 a5 25. Bh3 Bxh3 26. Qxh3 g6 27. Qxf5 exf5 28. Kg3 Kg7 29. h5 Rh8 30. h6+ Kf7 31. Rb1 Ra8 32. Bc3 Ra7 33. Bd2 Ke6 34. a3 Rha8 35. Rcb2 Kd7 36. Kf2 1/2-1/2

[Event "SVK ECo-C Extraliga 2021-22"]
[Site "Slovakia"]
[Date "2022.06.12"]
[Round "11"]
[White "Tauber, Marek"]
[Black "Federic, Jozef"]
[Result "0-1"]
[WhiteElo "2050"]
[BlackElo "2207"]
[Annotator "TA"]
[PlyCount "100"]
[EventDate "2021.10.21"]
[EventType "team-tourn"]
[EventCountry "SVK"]
[SourceTitle "playchess.com"]
[Source "ChessBase"]
[SourceQuality "1"]

1. e4 c5 2. Nf3 e6 3. d4 cxd4 4. Nxd4 Nc6 5. Nc3 Qc7 6. g3 a6 7. Bg2 h5 8. h3 h4 9. g4 Nge7 10. Be3 Ng6 11. Nxc6 dxc6 12. Qd2 e5 13. Ne2 Be6 14. O-O Be7 15. Rad1 O-O 16. b3 b5 17. f4 Rad8 18. Qc1 Rxd1 19. Rxd1 exf4 20. Nxf4 Nxf4 21. Bxf4 Qa5 22. Qa1 b4 23. Be5 f6 24. Bd4 Rd8 25. Bf2 Rxd1+ 26. Qxd1 Bc5 27. Bxc5 Qxc5+ 28. Kh1 a5 29. Qd3 Kf7 30. Bf1 Ke7 31. Kg2 Qe5 32. Be2 Qf4 33. Qf3 Qd2 34. Qd3 Qxd3 35. Bxd3 Kd6 36. Kf3 Ke5 37. Ke3 Bd7 38. Ba6 c5 39. Bb7 Bb5 40. Bc8 g5 41. Bf5 Bf1 42. Kf3 Bxh3 43. Bg6 Bf1 44. Kf2 Bb5 45. Ke3 Bd7 46. Kf3 Kd4 47. Bh7 a4 48. Bg6 a3 49. Bh7 Be6 50. Bg6 c4 0-1

[Event "SVK ECo-C Extraliga 2021-22"]
[Site "Slovakia"]
[Date "2022.06.12"]
[Round "11"]
[White "Gzib, David"]
[Black "Sepesi, Samuel"]
[Result "1-0"]
[WhiteElo "2040"]
[BlackElo "2159"]
[Annotator "TA"]
[PlyCount "107"]
[EventDate "2021.10.21"]
[EventType "team-tourn"]
[EventCountry "SVK"]
[SourceTitle "playchess.com"]
[Source "ChessBase"]
[SourceQuality "1"]

1. c4 c5 2. Nc3 g6 3. g3 Bg7 4. Bg2 Nc6 5. Nf3 Nh6 6. d3 Nf5 7. e4 Nfd4 8. Nxd4 Nxd4 9. Ne2 O-O 10. Nxd4 Bxd4 11. O-O d6 12. Bh6 Re8 13. Qd2 Rb8 14. Be3 Kg7 15. Bxd4+ cxd4 16. f4 e5 17. f5 f6 18. a4 a5 19. b4 Bd7 20. b5 b6 21. g4 g5 22. h4 h6 23. Kf2 Rh8 24. Rh1 Qc7 25. Bf3 Rbf8 26. Kg3 Qc5 27. Rh3 Rh7 28. hxg5 fxg5 29. Rah1 Qb4 30. Qxb4 axb4 31. Rb1 Ra8 32. Rxb4 Ra5 33. Bd1 Rh8 34. Rb2 Rf8 35. Bb3 Be8 36. Rh1 Rf6 37. Rbh2 Bf7 38. Kf3 Be8 39. Ke2 Bf7 40. Kd2 Be8 41. Kc2 Bd7 42. Kb2 Be8 43. Ka3 Bd7 44. Kb4 Be8 45. Rc1 Bf7 46. Bd1 Be8 47. c5 dxc5+ 48. Rxc5 Rxa4+ 49. Bxa4 bxc5+ 50. Kxc5 Rf7 51. Bb3 Rc7+ 52. Kd6 Rb7 53. Bd5 Rxb5 54. Ke7 1-0

[Event "SVK ECo-C Extraliga 2021-22"]
[Site "Slovakia"]
[Date "2022.06.12"]
[Round "11.1"]
[White "Gazik, Viktor"]
[Black "Plat, Vojtech"]
[Result "1/2-1/2"]
[WhiteElo "2549"]
[BlackElo "2554"]
[Annotator "TA"]
[PlyCount "88"]
[EventDate "2021.10.21"]
[EventType "team-tourn"]
[EventCountry "SVK"]
[SourceTitle "playchess.com"]
[Source "ChessBase"]
[SourceQuality "1"]

1. e4 c5 2. Nc3 Nc6 3. Bb5 Nd4 4. Nf3 Nxb5 5. Nxb5 g6 6. d4 Bg7 7. e5 Qb6 8. c4 cxd4 9. O-O a6 10. Nbxd4 d6 11. Be3 Qc7 12. exd6 Qxd6 13. Re1 Nf6 14. c5 Qd5 15. Bf4 O-O 16. Qc2 Nh5 17. Be5 f6 18. Bc7 e5 19. Qb3 Qf7 20. Ne2 Be6 21. Qb6 Rfc8 22. Bd6 Bd5 23. Nc3 Bxf3 24. gxf3 Nf4 25. Rad1 Rc6 26. Qb4 g5 27. Kh1 Rd8 28. Qe4 f5 29. Qe3 Re8 30. b4 Rcc8 31. a3 Re6 32. Ne2 Rh6 33. Ng3 Re8 34. Qc3 Qe6 35. Qc2 Rh3 36. Qxf5 Qh6 37. Nf1 Rxf3 38. Bxe5 Rxf2 39. Bd6 Qh5 40. Rxe8+ Qxe8 41. Ng3 Qc6+ 42. Qe4 Qd7 43. Qf5 Qc6+ 44. Qe4 Qd7 1/2-1/2

[Event "SVK ECo-C Extraliga 2021-22"]
[Site "Slovakia"]
[Date "2022.06.12"]
[Round "11.1"]
[White "Mihok, Oliver"]
[Black "Druska, Juraj"]
[Result "1/2-1/2"]
[WhiteElo "2544"]
[BlackElo "2523"]
[Annotator "TA"]
[PlyCount "85"]
[EventDate "2021.10.21"]
[EventType "team-tourn"]
[EventCountry "SVK"]
[SourceTitle "playchess.com"]
[Source "ChessBase"]
[SourceQuality "1"]

1. e4 c6 2. d4 d5 3. Nd2 dxe4 4. Nxe4 Bf5 5. Ng3 Bg6 6. Bc4 e6 7. N1e2 Nf6 8. O-O Bd6 9. f4 Bf5 10. Nxf5 exf5 11. Ng3 g6 12. Re1+ Kf8 13. Qf3 Kg7 14. b3 Qa5 15. Bb2 Ba3 16. Bc3 Bb4 17. Re5 Bxc3 18. Rxa5 Bxd4+ 19. Kh1 Bxa1 20. Rxf5 Nbd7 21. Nh5+ gxh5 22. Rg5+ Kf8 23. Qd1 Bb2 24. Qd6+ Ke8 25. c3 Bxc3 26. Rg3 Ba5 27. Re3+ Kd8 28. Bxf7 Kc8 29. Be6 Rd8 30. Bf5 Nd5 31. Re8 N5b6 32. Re7 Bc3 33. Rxh7 a5 34. a3 a4 35. b4 Bb2 36. b5 Ra5 37. Bd3 Rxb5 38. Bxb5 cxb5 39. h3 Nc4 40. Qb4 Bxa3 41. Qxb5 Ncb6 42. Rxh5 Bd6 43. g3 1/2-1/2

[Event "SVK ECo-C Extraliga 2021-22"]
[Site "Slovakia"]
[Date "2022.06.12"]
[Round "11.1"]
[White "Mazur, Stefan"]
[Black "Petenyi, Tamas"]
[Result "1-0"]
[WhiteElo "2437"]
[BlackElo "2452"]
[Annotator "TA"]
[PlyCount "87"]
[EventDate "2021.10.21"]
[EventType "team-tourn"]
[EventCountry "SVK"]
[SourceTitle "playchess.com"]
[Source "ChessBase"]
[SourceQuality "1"]

1. e4 c5 2. Nf3 d6 3. d4 cxd4 4. Nxd4 Nf6 5. Nc3 g6 6. Be3 Bg7 7. f3 O-O 8. Qd2 Nc6 9. Bc4 Bd7 10. O-O-O Rc8 11. Bb3 Ne5 12. Kb1 Nc4 13. Bxc4 Rxc4 14. g4 b5 15. h4 b4 16. Nce2 a5 17. h5 e5 18. Nf5 gxf5 19. h6 Nxe4 20. fxe4 Bf6 21. gxf5 Rxe4 22. Ng3 Rc4 23. Rhg1 Kh8 24. Qxd6 Bc6 25. b3 Rc3 26. Bc5 Qxd6 27. Bxd6 Bf3 28. Bxf8 Bxd1 29. Bg7+ Bxg7 30. hxg7+ Kg8 31. Rxd1 Kxg7 32. Ne4 Rf3 33. Rg1+ Kf8 34. f6 Ke8 35. Rg8+ Kd7 36. Rg7 Rf1+ 37. Kb2 Ke6 38. Ng5+ Kf5 39. Nxh7 e4 40. Rxf7 Kg6 41. Rg7+ Kh6 42. Re7 e3 43. f7 a4 44. f8=Q+ 1-0

[Event "SVK ECo-C Extraliga 2021-22"]
[Site "Slovakia"]
[Date "2022.06.12"]
[Round "11.2"]
[White "Zwardon, Vojtech"]
[Black "Sahidi, Samir"]
[Result "1-0"]
[WhiteElo "2468"]
[BlackElo "2432"]
[Annotator "TA"]
[PlyCount "123"]
[EventDate "2021.10.21"]
[EventType "team-tourn"]
[EventCountry "SVK"]
[SourceTitle "playchess.com"]
[Source "ChessBase"]
[SourceQuality "1"]

1. c4 Nf6 2. Nc3 e6 3. e4 d5 4. e5 d4 5. exf6 dxc3 6. bxc3 Qxf6 7. Nf3 b6 8. g3 Bb7 9. Bg2 Bd6 10. d4 h6 11. O-O O-O 12. Re1 Rd8 13. a4 Nc6 14. Nd2 Na5 15. Ne4 Qe7 16. Qh5 f5 17. Nxd6 cxd6 18. Bxb7 Nxb7 19. Qxf5 exf5 20. Rxe7 Na5 21. Bf4 g5 22. Be3 Nxc4 23. Re6 Kh7 24. Re1 Re8 25. Bc1 Rxe6 26. Rxe6 Rg8 27. Rf6 Kg7 28. Rxf5 Rc8 29. h4 gxh4 30. gxh4 Na5 31. Rf3 Rc4 32. Rg3+ Kh7 33. Bf4 Nb7 34. h5 Rc7 35. Rg6 Rxc3 36. Rxh6+ Kg7 37. Rg6+ Kh7 38. Kg2 Rc4 39. Be3 a6 40. Kf3 Rc7 41. Ke4 Re7+ 42. Kd5 b5 43. axb5 axb5 44. Rg1 Na5 45. Kxd6 Rb7 46. Kc5 Nc4 47. d5 Ne5 48. d6 b4 49. Bd4 Nf7 50. Bf6 b3 51. Kc6 Ra7 52. Be7 Ra2 53. f4 Rf2 54. Bg5 b2 55. Rb1 Rc2+ 56. Kd7 Rd2 57. Be7 Re2 58. Bf6 Kh6 59. Rxb2 Re4 60. Be5 Kxh5 61. Ke6 Nd8+ 62. Kf5 1-0

[Event "SVK ECo-C Extraliga 2021-22"]
[Site "Slovakia"]
[Date "2022.06.12"]
[Round "11.2"]
[White "Nemeth, Miklos"]
[Black "Haring, Filip"]
[Result "1/2-1/2"]
[WhiteElo "2449"]
[BlackElo "2444"]
[Annotator "TA"]
[PlyCount "45"]
[EventDate "2021.10.21"]
[EventType "team-tourn"]
[EventCountry "SVK"]
[SourceTitle "playchess.com"]
[Source "ChessBase"]
[SourceQuality "1"]

1. e4 c5 2. Nf3 e6 3. d4 cxd4 4. Nxd4 a6 5. Bd3 Qc7 6. O-O Nf6 7. Qe2 d6 8. c4 g6 9. Nc3 Bg7 10. Be3 O-O 11. Rac1 Nbd7 12. b3 b6 13. Rfd1 Bb7 14. f3 Rac8 15. Qf2 Qb8 16. Nde2 Bc6 17. a4 Rfe8 18. Kh1 Ba8 19. Bb1 Bf8 20. Nf4 Nc5 21. Ba2 a5 22. Rc2 Bg7 23. Nb5 1/2-1/2

[Event "SVK ECo-C Extraliga 2021-22"]
[Site "Slovakia"]
[Date "2022.06.12"]
[Round "11.2"]
[White "Piesik, Piotr"]
[Black "Aczel, Gergely"]
[Result "1-0"]
[WhiteElo "2418"]
[BlackElo "2545"]
[Annotator "TA"]
[PlyCount "101"]
[EventDate "2021.10.21"]
[EventType "team-tourn"]
[EventCountry "SVK"]
[SourceTitle "playchess.com"]
[Source "ChessBase"]
[SourceQuality "1"]

1. d4 Nf6 2. c4 e6 3. Nc3 Bb4 4. f3 c5 5. d5 O-O 6. e4 d6 7. Nge2 b5 8. Ng3 bxc4 9. Bxc4 Qa5 10. Bd2 Ba6 11. Bxa6 Qxa6 12. a3 Bxc3 13. Bxc3 Nbd7 14. Qd2 exd5 15. exd5 Rfe8+ 16. Kf2 Qc4 17. Nf5 Qxd5 18. Qxd5 Nxd5 19. Bxg7 Nf4 20. Rad1 d5 21. Bh6 Re2+ 22. Kf1 Re5 23. g4 Ng6 24. Kf2 Rae8 25. Rd2 Nb6 26. Rhd1 f6 27. f4 R5e6 28. Ng7 R6e7 29. Nxe8 Rxe8 30. Re2 Rc8 31. Re6 Kf7 32. f5 Ne7 33. Rde1 Ng8 34. Bf4 d4 35. Kf3 c4 36. Bd6 c3 37. bxc3 dxc3 38. Bb4 c2 39. Rc1 Nd5 40. Re2 Nxb4 41. axb4 Rc3+ 42. Kg2 Rc4 43. h3 Rxb4 44. Rexc2 Ke7 45. Rc7+ Kd6 46. Rxh7 Ne7 47. Rd1+ Nd5 48. Rxa7 Rb5 49. Kg3 Rb3+ 50. Kh4 Rb5 51. Ra6+ 1-0

[Event "SVK ECo-C Extraliga 2021-22"]
[Site "Slovakia"]
[Date "2022.06.12"]
[Round "11.3"]
[White "Polak, Tomas"]
[Black "Roubalik, Jakub"]
[Result "1-0"]
[WhiteElo "2506"]
[BlackElo "2389"]
[Annotator "TA"]
[PlyCount "43"]
[EventDate "2021.10.21"]
[EventType "team-tourn"]
[EventCountry "SVK"]
[SourceTitle "playchess.com"]
[Source "ChessBase"]
[SourceQuality "1"]

1. Nf3 c5 2. c4 Nc6 3. Nc3 Nf6 4. e3 e5 5. d4 e4 6. Ne5 h5 7. Be2 cxd4 8. exd4 Bb4 9. O-O Bxc3 10. bxc3 Qa5 11. Rb1 d6 12. Nxc6 bxc6 13. Bf4 Ke7 14. f3 Ba6 15. fxe4 Nxe4 16. Bd3 d5 17. Qf3 f6 18. Rbe1 Kf7 19. Rxe4 dxe4 20. Qxe4 Rhd8 21. Qg6+ Kf8 22. Bh6 1-0

[Event "SVK ECo-C Extraliga 2021-22"]
[Site "Slovakia"]
[Date "2022.06.12"]
[Round "11.3"]
[White "Hrabusa, Matej"]
[Black "Rigo, Zsolt"]
[Result "1-0"]
[WhiteElo "2356"]
[BlackElo "2398"]
[Annotator "TA"]
[PlyCount "55"]
[EventDate "2021.10.21"]
[EventType "team-tourn"]
[EventCountry "SVK"]
[SourceTitle "playchess.com"]
[Source "ChessBase"]
[SourceQuality "1"]

1. d4 Nf6 2. c4 e6 3. g3 d5 4. Nf3 Bb4+ 5. Bd2 Be7 6. Bg2 O-O 7. O-O Nbd7 8. Qc2 c6 9. Rd1 Ne4 10. Nc3 f5 11. Rac1 Bf6 12. Be3 Qe7 13. h4 Nd6 14. cxd5 exd5 15. Bf4 Ne4 16. Bh3 Nb6 17. e3 Be6 18. Ne5 Rae8 19. Ne2 Rd8 20. a4 a5 21. b3 Nd7 22. Qb2 Nb8 23. Nd3 Nd7 24. f3 Nd6 25. Qa3 Nf7 26. Qxe7 Bxe7 27. Bc7 Ra8 28. Nef4 1-0

[Event "SVK ECo-C Extraliga 2021-22"]
[Site "Slovakia"]
[Date "2022.06.12"]
[Round "11.4"]
[White "Bokros, Albert"]
[Black "Turcan, Richard"]
[Result "1/2-1/2"]
[WhiteElo "2447"]
[BlackElo "2306"]
[Annotator "TA"]
[PlyCount "47"]
[EventDate "2021.10.21"]
[EventType "team-tourn"]
[EventCountry "SVK"]
[SourceTitle "playchess.com"]
[Source "ChessBase"]
[SourceQuality "1"]

1. e4 c5 2. Nf3 d6 3. g3 Nf6 4. d3 e6 5. Bg2 Be7 6. O-O O-O 7. c4 Nc6 8. Nc3 Qc7 9. h3 Rd8 10. d4 d5 11. exd5 exd5 12. Bf4 Qa5 13. Bd2 Qc7 14. Nxd5 Nxd5 15. cxd5 Rxd5 16. dxc5 Bxc5 17. Ng5 Rxg5 18. Bxg5 Qxg3 19. Qh5 Bxh3 20. Qxh3 Qxg5 21. Rad1 Nd4 22. Rfe1 Rd8 23. Rd3 g6 24. Qe3 1/2-1/2